សិក្សាកំព្យូទ័រដោយខ្លួនឯង : (Record no. 6813)

MARC details
000 -LEADER
fixed length control field 01417nam a22002297a 4500
001 - CONTROL NUMBER
control field 6813
003 - CONTROL NUMBER IDENTIFIER
control field FISKH
005 - DATE AND TIME OF LATEST TRANSACTION
control field 20250529105013.0
008 - FIXED-LENGTH DATA ELEMENTS--GENERAL INFORMATION
fixed length control field 250529b cb ||||| |||| 00| 0 eng d
040 ## - CATALOGING SOURCE
Original cataloging agency FISKH
Language of cataloging eng
Transcribing agency FISKH
Modifying agency FISKH
050 ## - LIBRARY OF CONGRESS CALL NUMBER
Classification number QA76.D3 M5566
082 ## - DEWEY DECIMAL CLASSIFICATION NUMBER
Classification number 005.7565
100 ## - MAIN ENTRY--PERSONAL NAME
Personal name Vitou, Ream
245 ## - TITLE STATEMENT
Title សិក្សាកំព្យូទ័រដោយខ្លួនឯង :
Remainder of title Microsoft Access /
Statement of responsibility, etc. By Ream Vitou Chief of the IT department
260 ## - PUBLICATION, DISTRIBUTION, ETC.
Place of publication, distribution, etc. Phnom Penh
Name of publisher, distributor, etc. IIC Press ,
Date of publication, distribution, etc. 2004.
300 ## - PHYSICAL DESCRIPTION
Extent 389 pages :
Other physical details illustrations ;
Dimensions 21 cm .
520 ## - SUMMARY, ETC.
Summary, etc. With this book and Microsoft Access you'll learn to view, enter, and customize data; find and display just the information you want to see by sorting and filtering; track new information by creating new tables; get and work with data stored outside Microsoft Access; keep your information reliable by protecting and validating data, defining relationships, using Lookup fields, and more; answer questions about and analyze your data using queries; merge data from multiple tables to one form using the Form Wizard; streamline data entry; create and enhance a custom report; and summarize and group information in reports. This book provides complete preparation for the Certified Microsoft Office User Expert exam.
650 ## - SUBJECT ADDED ENTRY--TOPICAL TERM
Topical term or geographic name entry element Software
Form subdivision Non-fiction
650 ## - SUBJECT ADDED ENTRY--TOPICAL TERM
Topical term or geographic name entry element Data bases
Form subdivision Non-fiction
942 ## - ADDED ENTRY ELEMENTS (KOHA)
Source of classification or shelving scheme Dewey Decimal Classification
Koha item type Books
Suppress in OPAC No
Holdings
Withdrawn status Lost status Source of classification or shelving scheme Damaged status Not for loan Collection Home library Current library Shelving location Date acquired Total Checkouts Full call number Barcode Date last seen Price effective from Koha item type
    Dewey Decimal Classification     Khmer-English Bilingual / ភាសាខ្មែរ-អង់គ្លេស Footprints International School Library Network Toul Tom Poung Campus Footprints International School Library Network Toul Tom Poung Campus Librarian's Shelf TTP 05/29/2025   VIT 005.7565 QA76.D3 M5566 2025-1434 05/29/2025 05/29/2025 Books